LIBRARY & INFORMATION CENTRE, KCAET, TAVANUR

ONLINE PUBLIC ACCESS CATALOGUE (OPAC)

Water Harvesting :Treatment and Technology (Record no. 14531)

MARC details
000 -LEADER
fixed length control field 00308nam a22001217a 4500
020 ## - INTERNATIONAL STANDARD BOOK NUMBER
ISBN 9789380963570
082 ## - DEWEY DECIMAL CLASSIFICATION NUMBER
Classification number 631.587
Item number SWA/WA
100 ## - MAIN ENTRY--AUTHOR NAME
Personal name Swaroop,Udai
245 ## - TITLE STATEMENT
Title Water Harvesting :Treatment and Technology
260 ## - PUBLICATION, DISTRIBUTION, ETC. (IMPRINT)
Place of publication Delhi
Name of publisher Signature Books International
Year of publication 2013
300 ## - PHYSICAL DESCRIPTION
Number of Pages 264
942 ## - ADDED ENTRY ELEMENTS (KOHA)
Koha item type Books
Holdings
Withdrawn status Lost status Damaged status Collection code Home library Current library Shelving location Date acquired Source of acquisition Cost, normal purchase price Full call number Accession Number Koha item type
        KAUAET KAUAET General Stacks 14/07/2016 Southern Book Centre, Tvm 850.00 631.587 SWA/WA 24562 Books
free website counter